| 000 | 01535nam a2200349 a 4500 | ||
|---|---|---|---|
| 001 | 73373 | ||
| 003 | BD-RjUL | ||
| 005 | 20211209082404.0 | ||
| 008 | 170530s1990 ii a b f000 0 eng d | ||
| 020 | _c: Inland: IRs.190.00 ; Foreign: $27.00 | ||
| 035 | _a(BD-RjUL)73591 | ||
| 040 |
_aDLC _cDLC _dBD-RjUL _beng |
||
| 041 | _aeng | ||
| 082 | 0 | 0 |
_223 _a590.7230954 _bREC 1990(HAZ) |
| 245 | 0 | 0 |
_aRecords of the Zoological Survey of India: _bEcology of subterrenean macro and micro arthropod fauna in different degraded and polluted soil environment of West Bengal, India / _cby A. K. Hazra and D. K. Choudhuri ; Edited by Zoological Survey of India |
| 260 |
_aCalcutta : _bZoological Survey of India, _cc1990. |
||
| 300 |
_avi, 295 p. : _bill. ; _c26 cm. |
||
| 490 | 1 |
_aOccasional paper ; _vno. 120. |
|
| 500 | _aStudy with particular reference to mites (Acarina) and Collembola. | ||
| 504 | _aIncludes bibliographical references [p. 281-295] | ||
| 650 | 0 |
_aArthropoda _xEcology _zIndia _zWest Bengal. _9217032 |
|
| 650 | 0 |
_aSoil ecology _zIndia _zWest Bengal. _9217033 |
|
| 650 | 0 |
_aSoil degradation _xEnvironmental aspects _zIndia _zWest Bengal. _9217034 |
|
| 650 | 0 |
_aSoil pollution _zIndia _zWest Bengal. _9217035 |
|
| 650 | 0 |
_aZoology _xDescriptive Research _zIndia _9234326 |
|
| 700 |
_aHazra, A. K. _9234327 |
||
| 700 |
_aChoudhuri, D. K. , jt. auth. _9234328 |
||
| 710 |
_aZoological Survey of India, ed. _9234329 |
||
| 830 | 0 |
_aOccasional paper ; _vno. 120. _9234330 |
|
| 942 |
_2ddc _cRAR |
||
| 999 |
_c73373 _d73373 |
||